Statistics for Countries Closest to Norway (in Norwegian - på norsk)

Click here to take the quiz!

General Stats

  • This quiz has been taken 174 times
  • The average score is 12 of 20

Answer Stats

kmlandetmiles% Correct
0Sverige0
93%
0Finland0
91%
110Danmark68
89%
327Tyskland203
87%
0Russland0
85%
973Island604
78%
575Polen357
71%
494Nederland307
70%
554Estland344
68%
599Latvia372
64%
734Belgia456
61%
820Frankrike509
60%
645Litauen401
57%
847Irland526
54%
293Storbritannia182
50%
870Luxembourg541
40%
914Hviterussland568
36%
879Tsjekkia546
33%
579Færøyene360
18%
446Grønland277
15%

Score Distribution

Percentile by Number Answered

Percent of People with Each Score

Your Score History

You have not taken this quiz